[Event "Harstad op-B"]
[Site "Harstad"]
[Date "2006.10.15"]
[Round "4"]
[White "Stromsmo, May Helen"]
[Black "Remman, Stein Borre"]
[Result "0-1"]
[WhiteElo "823"]
[BlackElo "1116"]
[PlyCount "58"]
[EventDate "2006.10.13"]
[EventType "swiss"]
[EventRounds "5"]
[EventCountry "NOR"]
[SourceTitle "EXT 2008"]
[Source "ChessBase"]
[SourceDate "2007.11.25"]
[SourceVersion "1"]
[SourceVersionDate "2007.11.25"]
[SourceQuality "1"]

1. e4 d5 2. f3 e6 3. d4 Nc6 4. c3 dxe4 5. fxe4 Qh4+ 6. Kd2 Nf6 7. e5 Ne4+ 8. Kc2 Nf2 9. Nf3 Qh5 10. g4 Qg6+ 11. Bd3 Nxd3 12. Qxd3 Qxg4 13. Rg1 Qh5 14. Rg5 Qh3 15. Qe4 Be7 16. Rg4 f5 17. exf6 e5 18. dxe5 Bxg4 19. fxg7 Rg8 20. Ng5 Bxg5 21. Bxg5 Bf5 22. Nd2 Bxe4+ 23. Nxe4 Qxh2+ 24. Kb3 Rxg7 25. e6 Qe5 26. Nf6+ Kf8 27. Rf1 Qxe6+ 28. c4 Qh3+ 29. Ka4 Qxf1 0-1

[Event "Harstad op-B"]
[Site "Harstad"]
[Date "2006.10.15"]
[Round "5"]
[White "Stromsmo, May Helen"]
[Black "Utnes, Ulf"]
[Result "1-0"]
[WhiteElo "823"]
[BlackElo "812"]
[PlyCount "107"]
[EventDate "2006.10.13"]
[EventType "swiss"]
[EventRounds "5"]
[EventCountry "NOR"]
[SourceTitle "EXT 2008"]
[Source "ChessBase"]
[SourceDate "2007.11.25"]
[SourceVersion "1"]
[SourceVersionDate "2007.11.25"]
[SourceQuality "1"]

1. e4 Nf6 2. Nc3 e5 3. Nf3 d5 4. exd5 Nxd5 5. d4 exd4 6. Qxd4 Be6 7. Bc4 Nc6 8. Qe4 Nxc3 9. bxc3 Qe7 10. Bxe6 fxe6 11. Bg5 Qd6 12. Rd1 Qc5 13. Qxe6+ Be7 14. Qd7+ Kf7 15. Bxe7 Nxe7 16. 0-0 Rhd8 17. Qxd8 Rxd8 18. Rxd8 Qxc3 19. Re1 Qxc2 20. Rd3 Qxd3 21. Ne5+ Kg8 22. Nxd3 Nd5 23. a4 b6 24. Re6 c5 25. Ne5 h6 26. Re8+ Kh7 27. Ra8 a5 28. g3 Nc3 29. Nc4 Nxa4 30. Rb8 g5 31. Rb7+ Kg6 32. Nxb6 Nxb6 33. Rxb6+ Kh5 34. Rb5 Kg4 35. Kg2 h5 36. Rxc5 h4 37. gxh4 gxh4 38. h3+ Kf4 39. Rxa5 Ke4 40. Ra7 Kf4 41. Rf7+ Kg5 42. Kf3 Kh5 43. Kf4 Kg6 44. Rf5 Kh6 45. Rc5 Kg6 46. Rb5 Kh6 47. Kg4 Kg6 48. Rb6+ Kf7 49. Kf5 Ke7 50. Rh6 Kd7 51. Ke5 Ke7 52. Rh7+ Kf8 53. Ke6 Ke8 54. Rh8# 1-0

[Event "NOR-chT north"]
[Site "Harstad"]
[Date "2006.01.27"]
[Round "1"]
[White "Stromsmo, May Helen"]
[Black "Jakobsen, Goeran"]
[Result "0-1"]
[WhiteElo "622"]
[BlackElo "1089"]
[PlyCount "72"]
[EventDate "2006.01.27"]
[EventType "team"]
[EventRounds "5"]
[EventCountry "NOR"]
[SourceTitle "EXT 2008"]
[Source "ChessBase"]
[SourceDate "2007.11.25"]
[SourceVersion "1"]
[SourceVersionDate "2007.11.25"]
[SourceQuality "1"]

1. e4 e5 2. Nf3 f5 3. exf5 Nc6 4. Nc3 d5 5. d4 e4 6. Ne5 Nxe5 7. dxe5 c6 8. e6 Bb4 9. Bd2 Ne7 10. g4 g6 11. Bh3 gxf5 12. gxf5 Rf8 13. Qh5+ Ng6 14. fxg6 Qb6 15. gxh7+ Kd8 16. Bg5+ Kc7 17. Qf7+ Bd7 18. Qxd7+ Kb8 19. 0-0-0 a6 20. Bf4+ Ka7 21. Be3 Bc5 22. Bxc5 Qxc5 23. Rhg1 Qxf2 24. Rg7 Rab8 25. Na4 Qe3+ 26. Kb1 Qxh3 27. Rf7 Qh5 28. Rdf1 Rxf7 29. Qxf7 Qxh2 30. e7 Qe5 31. Nc5 Qh8 32. Qf8 Re8 33. Qxh8 Rxh8 34. Rf8 Rxh7 35. e8Q Rh1+ 36. Rf1 Rxf1# 0-1